[Event "I Memorial Corrado Bitti B"]
[Site "Cagliari ITA"]
[Date "2001.03.31"]
[Round "4"]
[White "Mascia, Giancarlo"]
[Black "Sanfilippo, Carlo"]
[Result "1-0"]
[WhiteElo "1356"]
[BlackElo "1533"]
[PlyCount "83"]
[EventDate "2001.03.17"]

1. d4 Nf6 2. c4 g6 3. Nc3 d5 4. cxd5 Nxd5 5. Nxd5 Qxd5 6. Nf3 Bg7 7. e3 O-O 8.
b3 c5 9. Bc4 Qd8 10. O-O Bg4 11. Rb1 Nc6 12. d5 Ne5 13. Be2 b5 14. Nxe5 Bxe2
15. Qxe2 Bxe5 16. Rd1 Qb8 17. g3 a5 18. Bb2 Bxb2 19. Qxb2 c4 20. bxc4 bxc4 21.
Qxb8 Raxb8 22. Rxb8 Rxb8 23. Rc1 Rc8 24. Rc3 Kg7 25. f4 Kf6 26. e4 g5 27. Kf2
Rb8 28. Ke3 Rb2 29. Rxc4 Rxa2 30. Rc6+ Kg7 31. fxg5 Rxh2 32. Rc7 Kf8 33. Rc8+
Kg7 34. Re8 a4 35. Rxe7 a3 36. Ra7 a2 37. d6 Kf8 38. Ra8+ Kg7 39. d7 Rh1 40.
Rxa2 Rd1 41. Rd2 Re1+ 42. Kd4 1-0

[Event "I Memorial Corrado Bitti B"]
[Site "Cagliari ITA"]
[Date "2001.03.31"]
[Round "4"]
[White "Mulas, Gianmarco"]
[Black "Casti, Alessio"]
[Result "0-1"]
[WhiteElo "1600"]
[BlackElo "1675"]
[PlyCount "116"]
[EventDate "2001.03.17"]

1. Nf3 d5 2. c4 d4 3. g3 c5 4. d3 Nc6 5. Bg2 e5 6. O-O Be7 7. b4 cxb4 8. a3
bxa3 9. Bxa3 Bxa3 10. Nxa3 Nge7 11. Qb3 O-O 12. Rfb1 Rb8 13. Rb2 Kh8 14. Nc2
Bg4 15. Nb4 Nxb4 16. Qxb4 Nc6 17. Qc5 Qe8 18. h3 Bd7 19. Rab1 b6 20. Qd6 f5 21.
Ra1 Rf6 22. Qa3 Qh5 23. h4 h6 24. Nd2 f4 25. Bf3 Qf7 26. Ne4 fxg3 27. Nxf6
gxf2+ 28. Kxf2 Qxf6 29. Rh1 Rf8 30. Ke1 Qf4 31. Kd1 Rf6 32. c5 bxc5 33. Qxc5 a5
34. Rb6 Nb4 35. Rb8+ Kh7 36. Be4+ Bf5 37. Bxf5+ Qxf5 38. Rb7 Nxd3 39. Qc7 Qg4
40. Kd2 Rf2 41. Qxg7+ Qxg7 42. Rxg7+ Kxg7 43. Kxd3 Kf6 44. Ra1 Rh2 45. Rxa5
Rxh4 46. Ra8 Rh3+ 47. Kd2 h5 48. Rf8+ Ke6 49. Re8+ Kd5 50. Rd8+ Ke4 51. Rh8 Rh2
52. Ra8 h4 53. Ra3 h3 54. Rf3 Rh1 55. Rf6 Ra1 56. Rh6 Ra3 57. Rf6 h2 58. Rh6
Ra2+ 0-1

[Event "I Memorial Corrado Bitti B"]
[Site "Cagliari ITA"]
[Date "2001.03.31"]
[Round "4"]
[White "Pais, Mario"]
[Black "Collu, Silvano"]
[Result "1-0"]
[WhiteElo "1467"]
[BlackElo "1434"]
[PlyCount "143"]
[EventDate "2001.03.17"]

1. e4 e5 2. Nf3 Nc6 3. Bc4 Nf6 4. d4 exd4 5. Nxd4 Nxe4 6. O-O Be7 7. Nxc6 bxc6
8. Qg4 Ng5 9. Bxg5 Bxg5 10. Re1+ Kf8 11. Bb3 d5 12. Qf3 g6 13. Nc3 Kg7 14. Na4
Qd6 15. Rad1 Bb7 16. Nc3 Qf6 17. Qd3 Rhe8 18. Na4 Rad8 19. Nc5 Bc8 20. c3 Qd6
21. Na4 c5 22. Qf3 c4 23. Bc2 Qf4 24. Qxf4 Bxf4 25. g3 Bg5 26. Rxe8 Rxe8 27.
Nc5 c6 28. Ba4 Re2 29. Bxc6 Rxb2 30. Bxd5 Rc2 31. Ne4 Bc1 32. Bxc4 f5 33. Nd6
Rxc3 34. Bb3 Ba6 35. Ne8+ Kh6 36. Nd6 Bd3 37. Nf7+ Kg7 38. Ne5 Bb5 39. Nf3 Ba3
40. Nd4 Bc4 41. Bxc4 Rxc4 42. Nb5 Ra4 43. Rd7+ Kf6 44. Rxa7 Rxa7 45. Nxa7 Ke5
46. Kf1 Ke4 47. Ke2 Bc5 48. Nb5 Kd5 49. f3 h5 50. h3 Bg1 51. Kd3 Bf2 52. g4
hxg4 53. hxg4 fxg4 54. fxg4 Ke5 55. Ke2 Bc5 56. Kf3 g5 57. a4 Bb6 58. Nc3 Bd8
59. Nb5 Ke6 60. a5 Kd5 61. a6 Kc6 62. Nd6 Kb6 63. Nf7 Bf6 64. Ke4 Kxa6 65. Kf5
Be7 66. Nxg5 Kb6 67. Ne4 Ba3 68. g5 Bf8 69. Ke6 Kc6 70. Kf7 Bd6 71. Nxd6 Kxd6
72. g6 1-0

[Event "I Memorial Corrado Bitti B"]
[Site "Cagliari ITA"]
[Date "2001.03.31"]
[Round "4"]
[White "Palmieri, Roberto"]
[Black "Loi, Francesco"]
[Result "1-0"]
[WhiteElo "1564"]
[BlackElo "1395"]
[PlyCount "83"]
[EventDate "2001.03.17"]

1. e4 e5 2. Nf3 Nc6 3. Bb5 a6 4. Ba4 Nf6 5. O-O Be7 6. Re1 O-O 7. c3 b5 8. Bc2
Re8 9. d4 d6 10. h3 Nh5 11. d5 Na5 12. Nxe5 dxe5 13. Qxh5 g6 14. Qe2 Bg5 15.
Nd2 Bf4 16. b4 Nb7 17. Nf3 Bxc1 18. Raxc1 Qf6 19. Bb3 Nd6 20. Qe3 Kg7 21. c4
bxc4 22. Bxc4 Nb5 23. a4 Nd6 24. Bd3 Re7 25. Qe2 Ra7 26. Rc3 a5 27. b5 Bd7 28.
Rec1 Bc8 29. Qe3 Rb7 30. Nd2 Qf4 31. Qxf4 exf4 32. f3 f6 33. Nc4 Nxc4 34. Rxc4
Rd7 35. Rc6 Rd8 36. Rxc7+ Rxc7 37. Rxc7+ Bd7 38. b6 Kf8 39. b7 Bxa4 40. Rc8
Rxc8 41. bxc8=Q+ Be8 42. Bb5 1-0

[Event "I Memorial Corrado Bitti B"]
[Site "Cagliari ITA"]
[Date "2001.03.31"]
[Round "4"]
[White "Pili, Erika"]
[Black "Perra, Marco"]
[Result "1-0"]
[WhiteElo "1606"]
[BlackElo "1500"]
[PlyCount "37"]
[EventDate "2001.03.17"]

1. e4 e5 2. Nf3 Nc6 3. Bc4 h6 4. Nc3 Bc5 5. d3 d6 6. h3 Nf6 7. O-O a6 8. a3 b5
9. Ba2 Ne7 10. Nh2 c6 11. Kh1 d5 12. f4 Ng6 13. fxe5 Nxe5 14. d4 Bd6 15. dxe5
Bxe5 16. exd5 Qc7 17. Re1 O-O 18. Nf3 Bb7 19. Nxe5 1-0

[Event "I Memorial Corrado Bitti B"]
[Site "Cagliari ITA"]
[Date "2001.03.31"]
[Round "5"]
[White "Abis, Roberto"]
[Black "Abis, Josto"]
[Result "1/2-1/2"]
[WhiteElo "1581"]
[BlackElo "1512"]
[PlyCount "27"]
[EventDate "2001.03.17"]

1. e4 e5 2. Nf3 Nc6 3. Bb5 d6 4. O-O Bd7 5. c3 Nf6 6. Re1 Be7 7. d4 exd4 8.
cxd4 O-O 9. Nc3 a6 10. Bd3 Bg4 11. Be3 Nb4 12. Be2 Bh5 13. Qb3 a5 14. a3
1/2-1/2

[Event "I Memorial Corrado Bitti B"]
[Site "Cagliari ITA"]
[Date "2001.03.31"]
[Round "5"]
[White "Casti, Alessio"]
[Black "Deruda, Leonardo"]
[Result "1-0"]
[WhiteElo "1675"]
[BlackElo "1669"]
[PlyCount "119"]
[EventDate "2001.03.17"]

1. e4 c5 2. Nf3 Nc6 3. d4 cxd4 4. Nxd4 g6 5. Nc3 Bg7 6. Be3 Nf6 7. Bc4 Qa5 8.
O-O O-O 9. Nb3 Qc7 10. Bg5 h6 11. Bh4 d6 12. Bxf6 exf6 13. Nd5 Qd8 14. Bd3 Ne5
15. Nd4 Be6 16. Nf4 Bd7 17. Qe2 Qb6 18. c3 Bc6 19. Rad1 Rfe8 20. Bb1 Rad8 21.
Kh1 Qc7 22. Rfe1 a6 23. c4 Qb6 24. Nd5 Bxd5 25. cxd5 Rc8 26. b3 Rc3 27. f4 Nd7
28. Qg4 Qc7 29. h4 h5 30. Qe2 Qc5 31. f5 Ne5 32. fxg6 fxg6 33. Ne6 Qc8 34. Qd2
b5 35. Qf4 Rxe6 36. dxe6 Qxe6 37. Qd2 Rc6 38. Qd5 Kf7 39. Rc1 Qxd5 40. exd5
Rxc1 41. Rxc1 f5 42. Rc7+ Kf6 43. Ra7 Ng4 44. Rxa6 Ke5 45. Rb6 Nf2+ 46. Kg1 Nd1
47. Rxb5 Nc3 48. Rb7 Bh6 49. Bd3 Be3+ 50. Kf1 Nxa2 51. Bc4 Nc3 52. Rg7 Kf6 53.
Rg8 f4 54. Re8 Kf5 55. Re6 Bc5 56. Ke1 Bb4 57. Kf2 Ne4+ 58. Kf3 Nd2+ 59. Ke2
Ne4 60. Bd3 1-0

[Event "I Memorial Corrado Bitti B"]
[Site "Cagliari ITA"]
[Date "2001.03.31"]
[Round "5"]
[White "Cerioni, Armando"]
[Black "Loi, Francesco"]
[Result "1-0"]
[WhiteElo "1413"]
[BlackElo "1395"]
[PlyCount "139"]
[EventDate "2001.03.17"]

1. e4 e5 2. d4 Nf6 3. Bg5 Be7 4. Qf3 d6 5. Bc4 Bg4 6. Qb3 O-O 7. Bxf6 Bxf6 8.
Qxb7 Nd7 9. d5 Nc5 10. Qb4 Rb8 11. Qa3 Ra8 12. Nd2 Bg5 13. f3 Bd7 14. Nb3 Na4
15. Nd2 Nb6 16. Ba6 f5 17. O-O-O fxe4 18. fxe4 Rf2 19. Nh3 Rxg2 20. Nxg5 Qxg5
21. Bf1 Rf2 22. Qg3 Qf6 23. Bg2 Bb5 24. Bf1 Be8 25. Rg1 Bh5 26. Re1 Rf8 27. Rg2
Rf4 28. Qg5 Qf7 29. Bb5 Qg6 30. Qxg6 Bxg6 31. Reg1 Nc8 32. Bd3 Ne7 33. Nb3 Rb8
34. Na5 Rb6 35. Kb1 c5 36. Rg4 Rf2 37. R1g2 Rf3 38. h4 Rh3 39. a3 Rh1+ 40. Rg1
Rxg1+ 41. Rxg1 Bh5 42. Nc4 Rb8 43. Nxd6 Rf8 44. Rg5 g6 45. Rxe5 Nc8 46. Nxc8
Rxc8 47. Bb5 Kf8 48. c3 a5 49. Kc2 Bg4 50. Bc4 Bd7 51. h5 Re8 52. Rxe8+ Bxe8
53. hxg6 Bxg6 54. Bd3 h5 55. e5 Bxd3+ 56. Kxd3 Ke7 57. Ke3 h4 58. d6+ Ke6 59.
Kf3 h3 60. Kg3 h2 61. Kxh2 a4 62. Kg3 c4 63. Kf4 Kd7 64. Kf5 Ke8 65. e6 Kf8 66.
Kf6 Ke8 67. d7+ Kd8 68. e7+ Kxd7 69. Kf7 Kd6 70. e8=Q 1-0

[Event "I Memorial Corrado Bitti B"]
[Site "Cagliari ITA"]
[Date "2001.03.31"]
[Round "5"]
[White "Cirina, Gianluca"]
[Black "Collu, Giuseppe"]
[Result "1-0"]
[WhiteElo "1690"]
[BlackElo "1503"]
[PlyCount "110"]
[EventDate "2001.03.17"]

1. e4 e5 2. f4 exf4 3. Nf3 Be7 4. Bc4 Bh4+ 5. Kf1 d6 6. d4 Bg4 7. Nc3 Nc6 8.
Bxf4 Bf6 9. Be3 Nge7 10. h3 Bxf3 11. gxf3 a6 12. a4 Ng6 13. Nd5 Bh4 14. Qd2 O-O
15. Ke2 Kh8 16. Rag1 Nce7 17. f4 f5 18. e5 c6 19. Nc3 dxe5 20. dxe5 Qc7 21. Bc5
Rad8 22. Bd6 Qd7 23. Rg2 Nc8 24. Kf3 Nxd6 25. exd6 Qxd6 26. Qxd6 Rxd6 27. Ne2
Bf6 28. Rgg1 b5 29. axb5 cxb5 30. Bd3 Bxb2 31. Rb1 Bd4 32. Rb3 Bc5 33. Ng3 Nh4+
34. Ke2 Re6+ 35. Kd1 Bf2 36. Ne2 Be3 37. Rf1 Rd6 38. Ng3 Rd4 39. Ra3 Rxf4 40.
Rxa6 Rxf1+ 41. Nxf1 f4 42. Bxb5 Nf5 43. Bd3 h5 44. Ra5 g6 45. Nxe3 Nxe3+ 46.
Ke2 Kg7 47. Ra7+ Rf7 48. Ra6 Rf6 49. Ra7+ Kh6 50. Kf3 Kg5 51. Rh7 Nf5 52. Rd7
Rd6 53. Bxf5 Rxd7 54. Bxd7 Kh4 55. Kxf4 g5+ 1-0

[Event "I Memorial Corrado Bitti B"]
[Site "Cagliari ITA"]
[Date "2001.03.31"]
[Round "5"]
[White "Mulas, Gianmarco"]
[Black "Boi, Giuseppe"]
[Result "1-0"]
[WhiteElo "1600"]
[BlackElo "1509"]
[PlyCount "75"]
[EventDate "2001.03.17"]

1. c4 e5 2. e3 Nf6 3. Qc2 Nc6 4. a3 a5 5. Nf3 Bc5 6. Nc3 d6 7. Be2 Bd7 8. O-O
Qe7 9. Nb5 Bg4 10. d4 Bxf3 11. Bxf3 exd4 12. exd4 Bb6 13. Bf4 O-O 14. Rfe1 Qd7
15. c5 Nxd4 16. Nxd4 Bxc5 17. Nb3 Bb6 18. Bxb7 Rab8 19. Bc6 Qg4 20. Bg3 a4 21.
Nd2 Ba5 22. Re7 Qd4 23. Nc4 Bb6 24. Ne3 Nh5 25. Re4 Qf6 26. Nd5 Qh6 27. Ne7+
Kh8 28. Rh4 g6 29. Nd5 Qg7 30. Qc3 Nxg3 31. hxg3 Bxf2+ 32. Kxf2 Rxb2+ 33. Kg1
Qxc3 34. Nxc3 Rc2 35. Rc4 Rb8 36. Bxa4 Rd2 37. Rb1 Rxb1+ 38. Nxb1 1-0

[Event "I Memorial Corrado Bitti B"]
[Site "Cagliari ITA"]
[Date "2001.03.31"]
[Round "5"]
[White "Palmieri, Roberto"]
[Black "Scarteddu, Marco"]
[Result "1-0"]
[WhiteElo "1564"]
[BlackElo "1615"]
[PlyCount "141"]
[EventDate "2001.03.17"]

1. e4 d6 2. d4 Nf6 3. Nc3 g6 4. Bc4 Bg7 5. Nge2 Nbd7 6. f4 Nb6 7. Bb3 a5 8. a4
O-O 9. O-O e6 10. Ng3 d5 11. e5 Ne8 12. Be3 c6 13. Nb1 Nc7 14. Qd3 Bd7 15. Nd2
Nc8 16. c3 Ne7 17. Bc2 Nf5 18. Nxf5 exf5 19. Bf2 Be6 20. Nf3 Qd7 21. Ng5 h6 22.
Nf3 Kh7 23. Bh4 Rh8 24. Nd2 Ne8 25. c4 Bf8 26. cxd5 cxd5 27. Rfc1 Bb4 28. Bb3
Nc7 29. Rc2 Rhc8 30. Qh3 Ne8 31. Qd3 Rxc2 32. Qxc2 Rc8 33. Qd1 Ng7 34. Bf2 Nh5
35. g3 Ng7 36. Nf3 Rc7 37. Rc1 Rxc1 38. Qxc1 Qc6 39. Qxc6 bxc6 40. Ne1 Bc8 41.
Nd3 Be7 42. Be1 Bd8 43. Kf2 Ne6 44. Ke3 Bb6 45. Bc3 g5 46. Bc2 Kg6 47. b3 gxf4+
48. Nxf4+ Nxf4 49. Kxf4 Be6 50. g4 Kg7 51. gxf5 Bd7 52. f6+ Kg8 53. Bf5 Be6 54.
Bxe6 fxe6 55. Ke3 Kf7 56. Ke2 c5 57. dxc5 Bxc5 58. Kd3 Bb6 59. Bd4 Bc7 60. Ke3
Kg6 61. Kf4 Bd8 62. Bc5 h5 63. b4 axb4 64. Bxb4 Bb6 65. a5 Bg1 66. Kg3 Bd4 67.
Bd6 Ba7 68. a6 d4 69. Kf3 d3 70. Bb4 h4 71. h3 1-0

[Event "I Memorial Corrado Bitti B"]
[Site "Cagliari ITA"]
[Date "2001.03.31"]
[Round "5"]
[White "Perra, Marco"]
[Black "Lai, Luca"]
[Result "1/2-1/2"]
[WhiteElo "1500"]
[BlackElo "1542"]
[PlyCount "109"]
[EventDate "2001.03.17"]

1. e4 e5 2. Nf3 Nc6 3. Bc4 Bc5 4. c3 Nf6 5. d4 exd4 6. cxd4 Bb4+ 7. Bd2 Nxe4 8.
d5 Nxd2 9. Nbxd2 Na5 10. Bd3 b6 11. O-O O-O 12. Ne4 Be7 13. Rc1 Nb7 14. a3 Nc5
15. Re1 Bb7 16. Bb1 Nxe4 17. Rxe4 g6 18. Qd3 Bf6 19. b4 d6 20. Ba2 Qd7 21. b5
a6 22. Bc4 axb5 23. Bxb5 Qf5 24. Bc4 Rxa3 25. Nd4 Rxd3 26. Nxf5 gxf5 27. Bxd3
fxe4 28. Bxe4 Bd8 29. f3 Re8 30. h3 Re5 31. Rd1 f5 32. Bc2 Bxd5 33. f4 Re2 34.
Bxf5 Bxg2 35. Bg4 Ra2 36. Re1 Kf7 37. Be6+ Kf6 38. Bxa2 Bxh3 39. Kh2 Bd7 40.
Kg3 h5 41. Rh1 Kg6 42. Bb1+ Kh6 43. Re1 h4+ 44. Kf3 Bf6 45. f5 c5 46. Kg4 b5
47. Rd1 Be7 48. Re1 Bf6 49. Kf4 Be5+ 50. Kg4 Bf6 51. Rd1 Be7 52. Kf4 Bg5+ 53.
Kg4 Be7 54. Kf4 Bg5+ 55. Kg4 1/2-1/2

[Event "I Memorial Corrado Bitti B"]
[Site "Cagliari ITA"]
[Date "2001.03.31"]
[Round "5"]
[White "Ponti, Mario"]
[Black "Contu, Gianni"]
[Result "1/2-1/2"]
[WhiteElo "1582"]
[BlackElo "1603"]
[PlyCount "120"]
[EventDate "2001.03.17"]

1. e4 c5 2. Nf3 d6 3. Bc4 e6 4. Nc3 Nc6 5. d3 a6 6. a4 Nf6 7. Ba2 Be7 8. O-O
O-O 9. Ne2 b5 10. axb5 axb5 11. Bd2 Bb7 12. Bb3 Qc7 13. Ng3 d5 14. exd5 exd5
15. c4 bxc4 16. dxc4 d4 17. Ba4 Bd6 18. Nf5 Ne5 19. Nxe5 Bxe5 20. f4 Bd6 21.
Nxd6 Qxd6 22. b4 cxb4 23. Qb3 Ne4 24. Bxb4 Qg6 25. Bxf8 Nc5 26. Qg3 Qxg3 27.
hxg3 Kxf8 28. Bb5 Rd8 29. Rad1 Rd6 30. Rfe1 Be4 31. Rd2 f5 32. Ree2 d3 33. Re3
Nb3 34. Rd1 Nc5 35. Rd2 Rd8 36. Kf2 Ra8 37. Ke1 Nb3 38. Rdxd3 Bxd3 39. Rxd3
Ra1+ 40. Rd1 Ra2 41. Bc6 Ke7 42. Bd5 Rb2 43. Kf1 Nc5 44. Kg1 h6 45. Kh2 g5 46.
Re1+ Kf6 47. Re5 Nd3 48. Re6+ Kg7 49. Re7+ Kg6 50. fxg5 hxg5 51. Rc7 g4 52. Rd7
Nc1 53. c5 Ne2 54. Rb7 Rd2 55. Bf7+ Kf6 56. Bc4 Nd4 57. Rb6+ Kg5 58. Kg1 Rc2
59. Rb4 Nc6 60. Ra4 Ne5 1/2-1/2

[Event "I Memorial Corrado Bitti B"]
[Site "Cagliari ITA"]
[Date "2001.03.31"]
[Round "5"]
[White "Sitzia, Carlo"]
[Black "Abis, Mariano"]
[Result "0-1"]
[WhiteElo "1482"]
[BlackElo "1500"]
[PlyCount "98"]
[EventDate "2001.03.17"]

1. d4 c5 2. d5 Nf6 3. c4 d6 4. Nc3 e6 5. e4 Be7 6. Nf3 O-O 7. Be2 Na6 8. O-O
Nc7 9. Be3 b6 10. b3 Bb7 11. Qd3 Rb8 12. Rfd1 exd5 13. Nxd5 Nfxd5 14. exd5 Re8
15. Rac1 Bf6 16. Rd2 Bc8 17. Bd1 g6 18. Re2 Bf5 19. Qd2 Bg4 20. Re1 Qd7 21. h3
Bxh3 22. gxh3 Qxh3 23. Nh2 Be5 24. f4 Qg3+ 25. Kh1 Bxf4 26. Nf1 Qh3+ 27. Kg1
Qh4 28. Bxf4 Qxe1 29. Bxd6 Qxd2 30. Nxd2 Rbc8 31. Bf3 Na6 32. Ne4 Kg7 33. Bg3
Rcd8 34. Rd1 f5 35. Nc3 Re3 36. Kf2 Rxc3 37. d6 Rc2+ 38. Kf1 Nb8 39. Bh4 Rd7
40. Bg3 Kf6 41. Rd5 g5 42. Bh5 f4 43. Bf2 Rxa2 44. Bg4 Rd8 45. d7 h5 46. Rd6+
Ke7 47. Re6+ Kf7 48. Re2 Ra1+ 49. Be1 hxg4 0-1

[Event "I Memorial Corrado Bitti B"]
[Site "Cagliari ITA"]
[Date "2001.03.31"]
[Round "5"]
[White "Trincas, Claudio"]
[Black "Pili, Erika"]
[Result "1-0"]
[WhiteElo "1603"]
[BlackElo "1606"]
[PlyCount "93"]
[EventDate "2001.03.17"]

1. c4 e5 2. Nc3 Nf6 3. g3 c6 4. Bg2 d5 5. cxd5 cxd5 6. Nf3 Nc6 7. O-O a6 8. d3
Bc5 9. a3 Ba7 10. Bg5 Be6 11. b4 h6 12. Bd2 O-O 13. Rc1 Nh7 14. Na4 f5 15. Nc5
Qe7 16. Nxe6 Qxe6 17. Qb3 Rf7 18. e3 Qd6 19. Rcd1 Raf8 20. Bc3 Kh8 21. d4 exd4
22. Nxd4 Rd7 23. Ne2 Ne7 24. Nf4 Nf6 25. Qb2 Rf7 26. Be5 Qc6 27. Rc1 Qb5 28.
Rfd1 Ne4 29. Qb3 Nc6 30. Bb2 d4 31. exd4 Kh7 32. Ne6 Qe2 33. Qc2 Qxc2 34. Rxc2
Rfe7 35. Nf8+ Kh8 36. Nxd7 Rxd7 37. Bxe4 fxe4 38. d5 e3 39. fxe3 Bxe3+ 40. Kg2
Ne7 41. d6 Nf5 42. Rc7 Rd8 43. Rd3 Bb6 44. Rxb7 Ne3+ 45. Kh3 Nc4 46. Bxg7+ Kg8
47. Bxh6 1-0

[Event "I Memorial Corrado Bitti B"]
[Site "Cagliari ITA"]
[Date "2001.04.01"]
[Round "6"]
[White "Abis, Josto"]
[Black "Palmieri, Roberto"]
[Result "1-0"]
[WhiteElo "1512"]
[BlackElo "1564"]
[PlyCount "127"]
[EventDate "2001.03.17"]

1. c4 e6 2. d4 d5 3. e3 Nf6 4. Nf3 Nbd7 5. Nc3 c6 6. Bd2 Be7 7. Rc1 O-O 8. cxd5
exd5 9. Bd3 Bd6 10. O-O Re8 11. Re1 Nf8 12. h3 Ne4 13. Bxe4 dxe4 14. Nh2 Qh4
15. f4 Bf5 16. Qe2 h5 17. Qf2 Qf6 18. Nf1 Nd7 19. Ne2 Qe6 20. Bc3 Nf6 21. Qg3
Nd5 22. Red1 Be7 23. Qf2 h4 24. Nh2 Qg6 25. Kh1 Rad8 26. Rg1 Rd6 27. Bd2 Qh7
28. Nc3 Nb4 29. Qe2 Nd3 30. Rc2 Rg6 31. Be1 Nxe1 32. Qxe1 Qh5 33. Qe2 Qxe2 34.
Rxe2 Rd6 35. Nf1 Bd8 36. Nd2 Rd7 37. Nb3 b6 38. Rc2 Bh7 39. Ne2 Rd6 40. Rgc1
Ree6 41. Nd2 f6 42. Nc4 Rd7 43. Nc3 Bc7 44. a3 f5 45. Rd1 Kf8 46. b4 Bg8 47.
Rdc1 Ke7 48. Ne5 Bxe5 49. fxe5 Rg6 50. Ne2 Bd5 51. Nf4 Rh6 52. Kh2 Rd8 53.
Nxd5+ cxd5 54. Rc7+ Rd7 55. Rc8 Rg6 56. Kg1 Rg3 57. Kf2 f4 58. exf4 Rxa3 59.
Rh8 Rb3 60. f5 Rxb4 61. Rcc8 Rb7 62. Rhg8 Kf7 63. Rce8 a5 64. Rgf8# 1-0

[Event "I Memorial Corrado Bitti B"]
[Site "Cagliari ITA"]
[Date "2001.04.01"]
[Round "6"]
[White "Cirina, Gianluca"]
[Black "Mascia, Giancarlo"]
[Result "1-0"]
[WhiteElo "1690"]
[BlackElo "1356"]
[PlyCount "65"]
[EventDate "2001.03.17"]

1. e4 c6 2. d4 d5 3. Nc3 dxe4 4. Nxe4 Bf5 5. Ng3 Bg6 6. Nf3 e6 7. Ne5 Ne7 8.
Bc4 Nf5 9. Nxg6 hxg6 10. Nxf5 gxf5 11. Be3 Nd7 12. Qd3 Be7 13. O-O-O Nf6 14. f3
Nd5 15. Bd2 b5 16. Bb3 a5 17. a3 a4 18. Ba2 O-O 19. c3 Qc7 20. g4 fxg4 21. Rdg1
Nf4 22. Qe4 Bg5 23. fxg4 Nh3 24. Rf1 Bxd2+ 25. Kxd2 Ng5 26. Qe3 Nh7 27. g5 g6
28. h4 Rfd8 29. h5 Nf8 30. hxg6 Nxg6 31. Qh3 Kf8 32. Qxe6 Rd7 33. Qxg6 1-0

[Event "I Memorial Corrado Bitti B"]
[Site "Cagliari ITA"]
[Date "2001.04.01"]
[Round "6"]
[White "Collu, Giuseppe"]
[Black "Perra, Marco"]
[Result "1-0"]
[WhiteElo "1503"]
[BlackElo "1500"]
[PlyCount "49"]
[EventDate "2001.03.17"]

1. e4 e5 2. Nf3 Nc6 3. Bc4 h6 4. c3 Nf6 5. O-O Nxe4 6. Re1 d5 7. Bb5 Bg4 8. d3
Nf6 9. Rxe5+ Be7 10. Nbd2 O-O 11. Bxc6 bxc6 12. b3 Nh5 13. h3 f6 14. hxg4 fxe5
15. gxh5 Bf6 16. Ba3 Rf7 17. Bc5 e4 18. Nd4 Qe8 19. dxe4 dxe4 20. Nf1 Bh4 21.
g3 Bf6 22. Ne3 Be5 23. Nef5 Rd8 24. Qg4 Rxf5 25. Nxf5 1-0

[Event "I Memorial Corrado Bitti B"]
[Site "Cagliari ITA"]
[Date "2001.04.01"]
[Round "6"]
[White "Contu, Gianni"]
[Black "Abis, Roberto"]
[Result "1-0"]
[WhiteElo "1603"]
[BlackElo "1581"]
[PlyCount "95"]
[EventDate "2001.03.17"]

1. e4 c5 2. Nc3 d6 3. Bc4 e6 4. Nge2 Nf6 5. d4 cxd4 6. Nxd4 a6 7. a4 Be7 8. O-O
O-O 9. Be3 Nc6 10. Kh1 Qc7 11. Bd3 Ne5 12. Be2 Nc4 13. Bc1 Bd7 14. Qd3 Ne5 15.
Qg3 Rac8 16. f4 Nc6 17. Nb3 d5 18. e5 Ne4 19. Nxe4 dxe4 20. c3 f5 21. exf6 Rxf6
22. Nd2 Rcf8 23. Nxe4 Rg6 24. Qd3 e5 25. Ng5 Bxg5 26. fxg5 Rxf1+ 27. Bxf1 Ne7
28. Be3 Nf5 29. Rd1 Rd6 30. Qc4+ Qxc4 31. Bxc4+ Kh8 32. Rxd6 Nxd6 33. Bb3 Nf5
34. Bb6 Bc6 35. Bf2 h6 36. gxh6 Nxh6 37. Kg1 g6 38. h3 Kg7 39. g4 Kf6 40. g5+
Kxg5 41. Be3+ Kh4 42. Bxh6 Kxh3 43. Bf7 Bxa4 44. Bxg6 Kg4 45. Kf2 Bb5 46. Ke3
Bd7 47. Ke4 b5 48. b4 1-0

[Event "I Memorial Corrado Bitti B"]
[Site "Cagliari ITA"]
[Date "2001.04.01"]
[Round "6"]
[White "Deruda, Leonardo"]
[Black "Mulas, Gianmarco"]
[Result "1-0"]
[WhiteElo "1669"]
[BlackElo "1600"]
[PlyCount "21"]
[EventDate "2001.03.17"]

1. Nf3 f5 2. d3 Nf6 3. e4 fxe4 4. Ng5 exd3 5. Bxd3 e5 6. O-O Be7 7. f4 Nc6 8.
Qe2 d6 9. Bc4 Rf8 10. Nxh7 Bg4 11. Nxf6+ 1-0

[Event "I Memorial Corrado Bitti B"]
[Site "Cagliari ITA"]
[Date "2001.04.01"]
[Round "6"]
[White "Favini, Giovanni"]
[Black "Loi, Francesco"]
[Result "1-0"]
[WhiteElo "1588"]
[BlackElo "1395"]
[PlyCount "69"]
[EventDate "2001.03.17"]

1. d4 d5 2. e3 e6 3. c4 c6 4. Nf3 Nd7 5. Bd3 Ngf6 6. Bd2 Be7 7. Nc3 a6 8. a3
O-O 9. O-O Re8 10. Qc2 b6 11. Rfe1 Bd6 12. e4 e5 13. dxe5 Nxe5 14. Nxe5 Rxe5
15. Bf4 Rh5 16. e5 Bb8 17. Bg3 Ng4 18. cxd5 cxd5 19. Rad1 Nxe5 20. Nxd5 Be6 21.
Nf4 Nf3+ 22. gxf3 Bxf4 23. Bxh7+ Rxh7 24. Rxd8+ Rxd8 25. Bxf4 g6 26. Rd1 Re8
27. Qc7 f6 28. Qxb6 Rhe7 29. Rd8 Bh3 30. Rxe8+ Rxe8 31. Qb4 g5 32. Be3 Rd8 33.
Qb3+ Kg7 34. Qc2 g4 35. Qc7+ 1-0

[Event "I Memorial Corrado Bitti B"]
[Site "Cagliari ITA"]
[Date "2001.04.01"]
[Round "6"]
[White "Ponti, Mario"]
[Black "Trincas, Claudio"]
[Result "1/2-1/2"]
[WhiteElo "1582"]
[BlackElo "1603"]
[PlyCount "129"]
[EventDate "2001.03.17"]

1. e4 e6 2. d4 d5 3. e5 c5 4. c3 Nc6 5. Nf3 cxd4 6. cxd4 Nge7 7. a3 Nf5 8. Nc3
a6 9. Ne2 Qb6 10. g3 Nfe7 11. Bg2 Ng6 12. O-O Be7 13. Qc2 Bd7 14. Bd2 Na5 15.
Bxa5 Qxa5 16. Nc3 Rc8 17. Qb3 b5 18. Rfc1 O-O 19. Ne1 Rc4 20. Qd1 Rfc8 21. Qd3
Qb6 22. Nf3 b4 23. Ne2 Bb5 24. Qd2 bxa3 25. bxa3 Rxc1+ 26. Nxc1 Qc6 27. Qb2 Bd8
28. Bf1 Bxf1 29. Kxf1 Ne7 30. Kg2 Nf5 31. Nd3 Qb6 32. Rb1 Rb8 33. Qxb6 Rxb6 34.
Rxb6 Bxb6 35. Nc5 Nxd4 36. Nxa6 Nb5 37. a4 Nc3 38. Nb4 Nxa4 39. Nd3 h6 40. Nd2
g6 41. f3 Nc5 42. Nxc5 Bxc5 43. Kf1 Kg7 44. Ke2 f6 45. exf6+ Kxf6 46. h3 g5 47.
Nb3 Bb6 48. Nc1 e5 49. Nd3 h5 50. Nb4 Ke6 51. Nd3 Kf5 52. g4+ hxg4 53. hxg4+
Ke6 54. Ne1 Kd6 55. Nc2 Bc5 56. Kd3 Kc6 57. Ne1 Bf2 58. Nc2 Kc5 59. Na3 Kb4 60.
Nc2+ Kb3 61. Na1+ Ka2 62. Nc2 Kb2 63. Nb4 d4 64. Nc6 Bg3 65. Nd8 1/2-1/2

[Event "I Memorial Corrado Bitti B"]
[Site "Cagliari ITA"]
[Date "2001.04.01"]
[Round "6"]
[White "Putzolu, Marcello"]
[Black "Lai, Luca"]
[Result "0-1"]
[WhiteElo "1615"]
[BlackElo "1542"]
[PlyCount "102"]
[EventDate "2001.03.17"]

1. d4 d5 2. c4 c6 3. Nc3 dxc4 4. e3 b5 5. a4 a6 6. axb5 cxb5 7. Nxb5 Bb7 8. Nc3
Qc7 9. Nf3 e6 10. Qa4+ Nd7 11. Bxc4 Bd6 12. Be2 Ne7 13. O-O O-O 14. e4 Nc6 15.
e5 Nb6 16. exd6 Qxd6 17. Qd1 Rfd8 18. Be3 e5 19. dxe5 Qg6 20. Qb1 Qg4 21. Ng5
Qb4 22. Qxh7+ Kf8 23. Nge4 Nd7 24. Rfd1 Ncxe5 25. Rxd7 Nxd7 26. Rd1 Rac8 27.
Ng5 Qxb2 28. Qh8+ Ke7 29. Qxg7 Qb3 30. Nce4 Rc6 31. Bh5 Rg6 32. Qa1 Bxe4 33.
Nxe4 Re6 34. Bc5+ Nxc5 35. Rxd8 Nxe4 36. Qd1 Nc5 37. h3 Qb4 38. Rd2 Nd3 39. Kh2
Re1 40. Qc2 Qb8+ 41. g3 Qb7 42. Re2+ Kf8 43. f3 Qb6 44. Rxe1 Nxe1 45. Qd2 Qb1
46. h4 a5 47. Qxa5 Qc2+ 48. Kh3 Qg2+ 49. Kg4 Qxf3+ 50. Kg5 Qxg3+ 51. Kh6 Qg7#
0-1

[Event "I Memorial Corrado Bitti B"]
[Site "Cagliari ITA"]
[Date "2001.04.01"]
[Round "6"]
[White "Sanfilippo, Carlo"]
[Black "Collu, Silvano"]
[Result "1-0"]
[WhiteElo "1533"]
[BlackElo "1434"]
[PlyCount "47"]
[EventDate "2001.03.17"]

1. e4 Nf6 2. Nc3 d6 3. d4 b6 4. Nf3 Bb7 5. Bc4 e6 6. Bg5 Be7 7. Bd3 Nc6 8. a3
O-O 9. h4 e5 10. d5 Nb8 11. Qd2 c6 12. O-O-O cxd5 13. Bxf6 Bxf6 14. exd5 Nd7
15. Qe2 Nc5 16. Bxh7+ Kxh7 17. Ng5+ Kg8 18. Qh5 Re8 19. Qxf7+ Kh8 20. b4 Nd7
21. Nce4 Qe7 22. Qh5+ Kg8 23. Qh7+ Kf8 24. Qh8# 1-0